Flags of Subnational Units 9 - Statistics

General Stats
  • This quiz has been taken 37 times
  • The average score is 11 of 20
Answer Stats
Picture Hint Answer % Correct
China Macau
94%
Egypt Cairo
84%
UK Gibraltar
84%
Canada Alberta
81%
USA Virgin Islands
75%
Belarus Minsk
72%
Australia Norfolk Island
69%
USA Tennessee
69%
France Saint-Pierre and Miquelon
59%
Serbia Belgrade
53%
Canada Toronto
53%
Germany Hamburg
50%
Spain Navarre
41%
Uruguay Rocha
41%
USA Midway
38%
Spain Castile
34%
Italy Veneto
34%
Mexico Jalisco
22%
Germany Rostock
13%
Venezuela Delta Amacuro
9%
No matching quizzes found
Score Distribution
Percent of People with Each Score
Percentile by Number Answered
Your Score History
You have not taken this quiz